| 000 | 01042nam a2200337 a 4500 | ||
|---|---|---|---|
| 001 | 000108090 | ||
| 003 | CHAP | ||
| 005 | 20220329143957.0 | ||
| 008 | 131204s2001 mx |r| ||||||spa d | ||
| 010 | _a104552 | ||
| 011 | _a105524 | ||
| 020 | _a9684269048 | ||
| 040 | _cCHAP | ||
| 082 | 0 | 4 |
_a153.15 _bA65 2001 |
| 245 | 1 | 0 |
_aAprendizaje y conducta / _cpor Paul Chance; Gloria Padilla Sierra, Gloria Cristina Garcia Hernandez. |
| 250 | _a3 ed. | ||
| 260 |
_aMéxico : _bManual Moderno, _cc2001. |
||
| 300 | _axiii, 418 p. | ||
| 534 |
_pTil. original : _tLearning and behavior |
||
| 590 |
_aE5995AHE _b05 _c20131204 _lUCH01 _h1312 |
||
| 590 |
_aE5995AHE _b05 _c20131204 _lUCH01 _h1316 |
||
| 590 |
_aE5995AHE _b05 _c20131204 _lUCH01 _h1319 |
||
| 650 | 1 | 4 |
_aAprendizaje _96370 |
| 650 | 1 | 4 |
_aConducta (Psicología) _926343 |
| 650 | 1 | 4 |
_aEstudiantes. _938489 |
| 700 | 1 |
_aGarcía Hernández, Gloria Cristina _e, traductor _9124902 |
|
| 700 | 1 |
_aPadilla Sierra, Gloria _e, traductor _9124901 |
|
| 901 | _aBK | ||
| 942 | _cLIBRO | ||
| 942 | _n0 | ||
| 999 |
_c104552 _d104552 |
||